[Event "TUR Cup"]
[Site "Denizli"]
[Date "2023.07.20"]
[Round "7"]
[White "Hancerli, Kaan"]
[Black "Sakarya, Huseyin Arda"]
[Result "0-1"]
[WhiteElo "1325"]
[BlackElo "1318"]
[PlyCount "128"]
[EventDate "2023.07.16"]
[EventType "team-tourn"]
[EventRounds "9"]
[EventCountry "TUR"]
[SourceTitle "CBM 215 Extra"]
[Source "ChessBase"]
[SourceDate "2023.09.30"]
[SourceVersion "1"]
[SourceVersionDate "2023.09.30"]
[SourceQuality "1"]

1. d4 c5 2. d5 Nf6 3. Nc3 d6 4. e4 g6 5. f4 Bg7 6. Nf3 0-0 7. Bc4 b5 8. Nxb5 Nxe4 9. 0-0 Ba6 10. Re1 Nf6 11. Qd3 Bxb5 12. Bxb5 Nbd7 13. Bxd7 Nxd7 14. c4 Rb8 15. Rb1 Re8 16. b3 Nf6 17. Bd2 a5 18. Bc3 Qb6 19. Nd2 Nh5 20. Bxg7 Kxg7 21. Qc3+ Kg8 22. g3 Qb4 23. Qxb4 axb4 24. Ne4 Ra8 25. Rb2 Ng7 26. Rbe2 Kf8 27. Ng5 h6 28. Nf3 Ra7 29. g4 Rea8 30. Ra1 Ra3 31. Rb2 Ne8 32. Nd2 Nf6 33. h3 e6 34. dxe6 fxe6 35. Kf2 Kf7 36. Kf3 d5 37. h4 Nd7 38. Kf2 Nb6 39. cxd5 exd5 40. Nb1 R3a5 41. a4 bxa3 42. Rba2 c4 43. Rxa3 Rxa3 44. Rxa3 Rxa3 45. Nxa3 cxb3 46. Nb1 Ke6 47. Ke3 Nc4+ 48. Kd4 b2 49. f5+ gxf5 50. gxf5+ Kd6 51. f6 Ne5 52. Kc3 Ke6 53. Kxb2 Kxf6 54. Kc3 Nf3 55. Kd3 Nxh4 56. Kd4 Ke6 57. Nd2 Nf5+ 58. Kd3 Ke5 59. Ke2 Kf4 60. Kf2 h5 61. Nf3 d4 62. Nd2 h4 63. Nf1 Ng3 64. Nh2 d3 0-1